000
00300nam a22001337a 4500
008
170601b xxu||||| |||| 00| 0 eng d
020
_a
9780521483872
041
_a
eng
080
_a
94(4)
100
_a
17
101
_a
SHH
245
_a
RUSSIA IN SEARCH OF ITS FUTURE
_c
SAIKAL.A
942
_2
udc
_c
BK
999
_c
15449
_d
15449